000 00854nam a22002897a 4500
003 CHAP
005 20220329140546.0
008 971013s1981 r 00010 d
010 _a53913
011 _a54885
035 _a59037
040 _cCHAP
090 _aFolleto 7826
100 0 0 _aWilcox, Gerald E.
_9121897
245 _aLettuce growing in the nutrient film system
260 _aWest Lafayette, Indiana :
_bPurdue University. Horticulture Department,
_c(1981)
300 _a4 h.
_b: ilus.
500 _aFotocopia
590 _aBATCH-UPD
_b10
_c20130110
_lUCH01
_h0430
590 _aBATCH-UPD
_b10
_c20130914
_lUCH01
_h1616
590 _aCONVERSION
_b10
_c20130109
_lUCH01
_h1329
650 1 4 _aHidroponía.
_955280
650 1 4 _aLechuga.
_965452
901 _aBK
942 _cFOLL
949 _aFolleto 7826
_bBC
_cFOLL
_d-127821
_eTS1
_i59037
_si
999 _c53913
_d53913